[Event "SVK-chT3A2 1819"]
[Site "Slovakia"]
[Date "2018.11.04"]
[Round "3.1"]
[White "Slaba, Andrea"]
[Black "Malar, Pavol"]
[Result "0-1"]
[WhiteElo "1932"]
[BlackElo "2074"]
[PlyCount "84"]
[EventDate "2018.10.07"]
[EventType "team-tourn"]
[EventRounds "11"]
[EventCountry "SVK"]
[SourceTitle "EXT 2020"]
[Source "ChessBase"]
[SourceDate "2019.10.17"]
[SourceVersion "1"]
[SourceVersionDate "2019.10.17"]
[SourceQuality "1"]
[WhiteTeam "Modranka Komplet"]
[BlackTeam "Hlohovec"]
[WhiteTeamCountry "SVK"]
[BlackTeamCountry "SVK"]

1. d4 f5 2. c4 Nf6 3. Nc3 g6 4. Nf3 Bg7 5. g3 0-0 6. Bg2 d6 7. 0-0 Qe8 8. d5 a5 9. Re1 Na6 10. e4 fxe4 11. Nxe4 Nxe4 12. Rxe4 Nc5 13. Re1 Qf7 14. Qd2 h6 15. Rf1 e5 16. Ne1 Bf5 17. f3 g5 18. g4 Bg6 19. Qe2 e4 20. Be3 exf3 21. Rxf3 Qe7 22. Qd2 Rxf3 23. Nxf3 Bxb2 24. Bxg5 hxg5 25. Qxb2 Qe3+ 26. Qf2 Qf4 27. Qd4 Rf8 28. Rd1 Be4 29. Nxg5 Bxg2 30. Kxg2 Qxg5 31. Kg3 Qe5+ 32. Qxe5 dxe5 33. g5 Kg7 34. Re1 e4 35. Kg4 Rf2 36. h4 Rxa2 37. h5 Rg2+ 38. Kf5 a4 39. Rd1 Rf2+ 40. Kg4 e3 41. h6+ Kh7 42. Rg1 e2 0-1

[Event "SVK-chT3A2 1718"]
[Site "Slovakia"]
[Date "2018.03.25"]
[Round "11.3"]
[White "Palka, Miroslav"]
[Black "Malar, Pavol"]
[Result "0-1"]
[WhiteElo "1920"]
[BlackElo "2074"]
[PlyCount "60"]
[EventDate "2017.10.08"]
[EventType "team-tourn"]
[EventRounds "11"]
[EventCountry "SVK"]
[SourceTitle "EXT 2020"]
[Source "ChessBase"]
[SourceDate "2019.10.17"]
[SourceVersion "1"]
[SourceVersionDate "2019.10.17"]
[SourceQuality "1"]
[WhiteTeam "Senica SK"]
[BlackTeam "Hlohovec"]
[WhiteTeamCountry "SVK"]
[BlackTeamCountry "SVK"]

1. c4 f5 2. g3 Nf6 3. d4 e6 4. Bg2 Be7 5. Nf3 0-0 6. 0-0 d6 7. Nc3 Qe8 8. e3 Qh5 9. Nh4 Qf7 10. f4 Nbd7 11. Nf3 h6 12. b3 Ne4 13. Nxe4 fxe4 14. Nd2 d5 15. a4 Nf6 16. Ba3 Bxa3 17. Rxa3 Qe7 18. c5 b6 19. Qc1 Ba6 20. Re1 g5 21. b4 gxf4 22. exf4 bxc5 23. bxc5 Qg7 24. Rb3 Rab8 25. Qb2 Rxb3 26. Qxb3 Ng4 27. Qc3 h5 28. h3 Nh6 29. Bf1 Bxf1 30. Nxf1 Rxf4 0-1

[Event "SVK-chT3A2 1718"]
[Site "Slovakia"]
[Date "2018.01.21"]
[Round "8.3"]
[White "Malar, Pavol"]
[Black "Takacs, Laszlo"]
[Result "0-1"]
[WhiteElo "2074"]
[BlackElo "2240"]
[PlyCount "106"]
[EventDate "2017.10.08"]
[EventType "team-tourn"]
[EventRounds "11"]
[EventCountry "SVK"]
[SourceTitle "EXT 2020"]
[Source "ChessBase"]
[SourceDate "2019.10.17"]
[SourceVersion "1"]
[SourceVersionDate "2019.10.17"]
[SourceQuality "1"]
[WhiteTeam "Hlohovec"]
[BlackTeam "Dunajska Streda II"]
[WhiteTeamCountry "SVK"]
[BlackTeamCountry "SVK"]

1. e4 c5 2. Nf3 e6 3. d3 d5 4. Nbd2 Nc6 5. g3 Nf6 6. Bg2 Be7 7. 0-0 0-0 8. Re1 Qc7 9. Qe2 b5 10. a4 Nb4 11. Nf1 bxa4 12. e5 Nd7 13. c3 Nc6 14. Rxa4 a5 15. Bf4 Ba6 16. Ne3 Nb6 17. Raa1 Rab8 18. h4 d4 19. Ng4 Nd5 20. c4 Nxf4 21. gxf4 h5 22. Ngh2 g6 23. Nf1 Rb3 24. Ng3 Rfb8 25. Reb1 Bc8 26. Ng5 Bxg5 27. hxg5 Ne7 28. Ne4 Nf5 29. Bf3 Bb7 30. Nf6+ Kf8 31. Be4 Bxe4 32. Qxe4 Ke7 33. Ra2 Kd8 34. Rba1 Qb7 35. Rxa5 Rxb2 36. Qxb7 R8xb7 37. Rxc5 Rb1+ 38. Rxb1 Rxb1+ 39. Kg2 Rb3 40. Ra5 Rxd3 41. c5 Kc7 42. Ra6 Rb3 43. c6 Rb6 44. Ne8+ Kxc6 45. Ra8 Kc5 46. Rd8 Kb4 47. Kf3 Kc3 48. Nd6 Nxd6 49. Rxd6 Rb4 50. Rd7 Kd2 51. Rxf7 Rb3+ 52. Ke4 d3 53. Rd7 Ke2 0-1

[Event "SVK-chT4 A22 1718"]
[Site "Slovakia"]
[Date "2017.10.29"]
[Round "3.2"]
[White "Malar, Pavol"]
[Black "Meszaros, Lorant"]
[Result "1-0"]
[WhiteElo "2074"]
[BlackElo "1931"]
[PlyCount "83"]
[EventDate "2017.10.01"]
[EventType "team-tourn"]
[EventRounds "11"]
[EventCountry "SVK"]
[SourceTitle "EXT 2020"]
[Source "ChessBase"]
[SourceDate "2019.10.17"]
[SourceVersion "1"]
[SourceVersionDate "2019.10.17"]
[SourceQuality "1"]

1. e4 e5 2. Nf3 Nc6 3. Bb5 a6 4. Ba4 Nf6 5. 0-0 Be7 6. Re1 b5 7. Bb3 d6 8. c3 0-0 9. h3 Nd7 10. d4 Bf6 11. Be3 Na5 12. Bc2 Nc4 13. Bc1 Bb7 14. a4 Re8 15. b3 Ncb6 16. a5 Nc8 17. Bb2 exd4 18. cxd4 c5 19. Nbd2 cxd4 20. Nxd4 Ne7 21. Qb1 Ng6 22. Nf5 Nde5 23. Nf1 Qc7 24. N1e3 Rac8 25. Rd1 Red8 26. Ra2 d5 27. exd5 Bxd5 28. Bd4 Qb7 29. Nxd5 Qxd5 30. Ne3 Qb7 31. Be4 Qe7 32. Nd5 Qe6 33. Bb6 Nh4 34. Bxd8 Bxd8 35. f4 f5 36. fxe5 fxe4 37. Qxe4 Ng6 38. Re2 Bxa5 39. b4 Bd8 40. Kh1 Rc4 41. Qe3 Qf5 42. e6 1-0

[Event "Pula op 31st"]
[Site "Pula"]
[Date "2017.09.10"]
[Round "2"]
[White "Malar, Pavol"]
[Black "Fercec, Nenad"]
[Result "0-1"]
[WhiteElo "2113"]
[BlackElo "2460"]
[PlyCount "67"]
[EventDate "2017.09.09"]
[EventType "swiss"]
[EventRounds "9"]
[EventCountry "CRO"]
[SourceTitle "CBM 180 Extra"]
[Source "ChessBase"]
[SourceDate "2017.10.06"]
[SourceVersion "1"]
[SourceVersionDate "2017.10.06"]
[SourceQuality "1"]

1. e4 e5 2. Nf3 Nc6 3. Bb5 a6 4. Ba4 Nf6 5. 0-0 Be7 6. Re1 b5 7. Bb3 d6 8. c3 0-0 9. h3 Nb8 10. d3 Nbd7 11. Nbd2 Bb7 12. Nf1 Nc5 13. Bc2 Re8 14. Ng3 Bf8 15. Bg5 Ne6 16. Be3 g6 17. Qd2 Bg7 18. Rad1 c5 19. Bh6 Bh8 20. Qe2 Qc7 21. Nh2 Nf4 22. Qf3 d5 23. Ng4 Nxg4 24. hxg4 Bg7 25. Bxg7 Kxg7 26. Nf1 d4 27. g5 Rh8 28. Nh2 Qe7 29. Qg4 h6 30. Nf3 hxg5 31. cxd4 cxd4 32. Kf1 Rh1+ 33. Ng1 Rah8 34. f3 0-1

[Event "SVK-chT3A2 1415"]
[Site "Slovakia"]
[Date "2014.10.19"]
[Round "1.3"]
[White "Gasa, Patrik"]
[Black "Malar, Pavol"]
[Result "1/2-1/2"]
[WhiteElo "2074"]
[BlackElo "2062"]
[PlyCount "69"]
[EventDate "2014.10.19"]
[EventType "team-tourn"]
[EventRounds "11"]
[EventCountry "SVK"]
[SourceTitle "EXT 2019"]
[Source "ChessBase"]
[SourceDate "2018.10.10"]
[SourceVersion "1"]
[SourceVersionDate "2018.10.10"]
[SourceQuality "1"]

1. d4 Nf6 2. Nf3 e6 3. c4 Bb4+ 4. Nbd2 c5 5. e3 Nc6 6. dxc5 0-0 7. Bd3 Bxc5 8. 0-0 d5 9. a3 a5 10. cxd5 exd5 11. Nb3 Bd6 12. Nbd4 Nxd4 13. Nxd4 Ng4 14. h3 Ne5 15. Bf5 Qf6 16. Bxc8 Raxc8 17. Bd2 Nc6 18. Bc3 Be5 19. Qb3 Nxd4 20. exd4 Bxd4 21. Bxd4 Qxd4 22. Rfd1 Qc4 23. Qxb7 d4 24. Qb6 Rb8 25. Qxd4 Qxd4 26. Rxd4 Rxb2 27. Rd5 Ra8 28. Rc1 g6 29. Rc3 Ra7 30. g3 a4 31. Rd4 Rb1+ 32. Kg2 Rb2 33. Kf3 Rb3 34. Rdd3 Rab7 35. Ke3 1/2-1/2

[Event "SVK-chT3A2 1314"]
[Site "Slovakia"]
[Date "2013.12.15"]
[Round "5.1"]
[White "Malar, Pavol"]
[Black "Zarecky, Eduard"]
[Result "0-1"]
[WhiteElo "2104"]
[BlackElo "1903"]
[PlyCount "80"]
[EventDate "2013.10.13"]
[EventType "team-tourn"]
[EventRounds "11"]
[EventCountry "SVK"]
[SourceTitle "EXT 2015"]
[Source "ChessBase"]
[SourceDate "2014.11.20"]
[SourceVersion "1"]
[SourceVersionDate "2014.11.20"]
[SourceQuality "1"]
[WhiteTeam "Hlohovec"]
[BlackTeam "Trnava Modranka Jun"]
[WhiteTeamCountry "SVK"]
[BlackTeamCountry "SVK"]

1. e4 d6 2. d4 g6 3. Nf3 Bg7 4. Bc4 Nc6 5. 0-0 Na5 6. Bd3 Bg4 7. c3 c5 8. Bb5+ Bd7 9. Qa4 Nc6 10. d5 Nb8 11. Na3 Bxb5 12. Qxb5+ Qd7 13. Qd3 Nh6 14. Bf4 f6 15. Rad1 Nf7 16. b4 cxb4 17. cxb4 Na6 18. b5 Nc5 19. Qe3 0-0 20. Nd4 Rac8 21. Rc1 Nd8 22. Nc4 Re8 23. Rfd1 Nf7 24. h3 f5 25. exf5 Bxd4 26. Rxd4 Qxf5 27. Re1 Nd7 28. Qe6 Nf8 29. Qe2 g5 30. Bc1 Ng6 31. Ne3 Qf6 32. Re4 Nfe5 33. Ng4 Nxg4 34. Rxg4 h6 35. Re4 Qf5 36. Qh5 Rxc1 37. g4 Rxe1+ 38. Rxe1 Qf7 39. Qxh6 Rf8 40. Re2 Qf6 0-1

[Event "SVK-chT3A2 1314"]
[Site "Slovakia"]
[Date "2013.10.13"]
[Round "1.3"]
[White "Malar, Pavol"]
[Black "Liptak, Tomas"]
[Result "0-1"]
[WhiteElo "2104"]
[BlackElo "2108"]
[PlyCount "54"]
[EventDate "2013.10.13"]
[EventType "team-tourn"]
[EventRounds "11"]
[EventCountry "SVK"]
[SourceTitle "EXT 2015"]
[Source "ChessBase"]
[SourceDate "2014.11.20"]
[SourceVersion "1"]
[SourceVersionDate "2014.11.20"]
[SourceQuality "1"]
[WhiteTeam "Hlohovec"]
[BlackTeam "Cifer"]
[WhiteTeamCountry "SVK"]
[BlackTeamCountry "SVK"]

1. e4 c5 2. Nf3 d6 3. Bb5+ Nd7 4. c3 a6 5. Ba4 b5 6. Bc2 Bb7 7. 0-0 Ngf6 8. Re1 e6 9. d3 Be7 10. Nbd2 0-0 11. Nf1 Re8 12. Ng3 Qc7 13. Bg5 h6 14. Bf4 e5 15. Bd2 d5 16. Qe2 Bf8 17. Rac1 Rad8 18. h4 c4 19. dxc4 dxe4 20. Nh2 Nc5 21. cxb5 axb5 22. Red1 Nd3 23. Rb1 Qc6 24. Be3 Nd5 25. Nhf1 N5f4 26. Bxf4 exf4 27. Nf5 Qg6 0-1

[Event "SVK-chT3A2 1213"]
[Site "Slovakia"]
[Date "2013.03.24"]
[Round "11.6"]
[White "Malar, Pavol"]
[Black "Kapusta, Petr"]
[Result "1/2-1/2"]
[WhiteElo "2118"]
[BlackElo "2152"]
[PlyCount "190"]
[EventDate "2012.10.07"]
[EventType "team-tourn"]
[EventRounds "11"]
[EventCountry "SVK"]
[SourceTitle "EXT 2015"]
[Source "ChessBase"]
[SourceDate "2014.11.20"]
[SourceVersion "1"]
[SourceVersionDate "2014.11.20"]
[SourceQuality "1"]
[WhiteTeam "Hlohovec SK Zentiva"]
[BlackTeam "Skalica"]
[WhiteTeamCountry "SVK"]
[BlackTeamCountry "SVK"]

1. e4 c5 2. Nf3 d6 3. Bb5+ Bd7 4. Bxd7+ Qxd7 5. 0-0 Nc6 6. Re1 Nf6 7. d3 e6 8. Nbd2 Be7 9. Nf1 0-0 10. Ng3 b5 11. Bg5 a5 12. Qd2 a4 13. Rad1 Rfc8 14. c3 b4 15. Bxf6 Bxf6 16. Nh5 Bd8 17. Qf4 e5 18. Qe3 bxc3 19. bxc3 Rcb8 20. d4 cxd4 21. cxd4 Qg4 22. Ng3 exd4 23. Nxd4 Bb6 24. Ngf5 Nxd4 25. Nxd4 Bc5 26. h3 Qh4 27. Qe2 Qf6 28. e5 dxe5 29. Qxe5 Qxe5 30. Rxe5 Bxd4 31. Rxd4 a3 32. Re3 g6 33. Rdd3 Rb1+ 34. Kh2 Rb2 35. Rxa3 Rxa2 36. Rxa8+ Rxa8 37. Re7 Ra2 38. Kg3 Kg7 39. Rb7 g5 40. Kf3 Ra3+ 41. Kg4 Kg6 42. f3 Ra2 43. Kg3 h5 44. h4 gxh4+ 45. Kh3 f6 46. Rb4 Kg5 47. Rxh4 Ra1 48. Kg3 f5 49. f4+ Kg6 50. Rh3 Rf1 51. Rh4 Ra1 52. Kh2 Rf1 53. Kg3 Kh6 54. Rh2 Ra1 55. Kf2 Ra2+ 56. Ke3 Kg6 57. Kf3 Ra3+ 58. Kf2 Ra2+ 59. Kg3 Ra7 60. Rh1 Rg7 61. Rb1 Kh6+ 62. Kf3 h4 63. Rb6+ Kh5 64. Rb8 Rg3+ 65. Kf2 Kg4 66. Rg8+ Kxf4 67. Rh8 Rg4 68. Re8 Rg6 69. Rh8 Kg4 70. Rh7 Rg8 71. Rb7 Ra8 72. Rg7+ Kf4 73. Rh7 Ra2+ 74. Kg1 Kg5 75. Rh8 Ra4 76. Kf2 Rf4+ 77. Ke3 Re4+ 78. Kf3 Re6 79. g3 hxg3 80. Kxg3 Re3+ 81. Kf2 Ra3 82. Rb8 Kg4 83. Rb4+ f4 84. Rb2 Rh3 85. Kg1 Ra3 86. Kf2 Rh3 87. Kg1 f3 88. Rb8 Rh5 89. Rg8+ Rg5 90. Rxg5+ Kxg5 91. Kf1 Kf5 92. Kf2 Kf4 93. Kf1 Ke3 94. Ke1 f2+ 95. Kf1 Kf3 1/2-1/2

[Event "Zilina Region-ch"]
[Site "Zilina"]
[Date "2011.05.07"]
[Round "4"]
[White "Urbanik, Lukas"]
[Black "Malar, Pavol"]
[Result "0-1"]
[WhiteElo "1877"]
[BlackElo "2106"]
[PlyCount "28"]
[EventDate "2011.05.06"]
[EventType "swiss"]
[EventRounds "7"]
[EventCountry "SVK"]
[SourceTitle "EXT 2012"]
[Source "ChessBase"]
[SourceDate "2011.11.24"]
[SourceVersion "1"]
[SourceVersionDate "2011.11.24"]
[SourceQuality "1"]

1. e4 e6 2. d4 d5 3. Nc3 Bb4 4. e5 c5 5. a3 Ba5 6. b4 cxd4 7. Qxd4 Bc7 8. Nf3 Ne7 9. h4 Nbc6 10. Bb5 0-0 11. Bxc6 Nxc6 12. Qg4 Nxe5 13. Nxe5 Bxe5 14. Bb2 Qf6 0-1

[Event "SVK-ch op-B"]
[Site "Banska Stiavnica"]
[Date "2010.07.18"]
[Round "9"]
[White "Malar, Pavol"]
[Black "Kukucka, Matej"]
[Result "1-0"]
[WhiteElo "2111"]
[BlackElo "1959"]
[PlyCount "53"]
[EventDate "2010.07.10"]
[EventType "swiss"]
[EventRounds "9"]
[EventCountry "SVK"]
[SourceTitle "CBM 137 Extra"]
[Source "ChessBase"]
[SourceDate "2010.09.01"]
[SourceVersion "1"]
[SourceVersionDate "2010.09.01"]
[SourceQuality "1"]

1. e4 c5 2. Nf3 a6 3. d3 Nc6 4. g3 g6 5. Bg2 Bg7 6. 0-0 d6 7. Re1 e5 8. c3 Nge7 9. Bg5 0-0 10. Qd2 b5 11. Na3 Bg4 12. h3 Bxf3 13. Bxf3 Rc8 14. Bh6 b4 15. Nc4 bxc3 16. bxc3 Rb8 17. Bxg7 Kxg7 18. h4 h6 19. h5 g5 20. Bg2 Qc7 21. Rad1 Rb7 22. f4 f6 23. Rf1 Rbb8 24. Rf2 Rbe8 25. Rdf1 Qb8 26. Bh3 d5 27. exd5 1-0

[Event "SVK-ch op-B"]
[Site "Banska Stiavnica"]
[Date "2010.07.14"]
[Round "5"]
[White "Malar, Pavol"]
[Black "Ziaran, Viliam"]
[Result "1-0"]
[WhiteElo "2111"]
[BlackElo "1933"]
[PlyCount "81"]
[EventDate "2010.07.10"]
[EventType "swiss"]
[EventRounds "9"]
[EventCountry "SVK"]
[SourceTitle "CBM 137 Extra"]
[Source "ChessBase"]
[SourceDate "2010.09.01"]
[SourceVersion "1"]
[SourceVersionDate "2010.09.01"]
[SourceQuality "1"]

1. e4 e5 2. Nf3 Nc6 3. Bb5 Nf6 4. d3 d6 5. c3 a6 6. Ba4 b5 7. Bc2 Bg4 8. h3 Bh5 9. 0-0 d5 10. Nbd2 Be7 11. Re1 0-0 12. Qe2 d4 13. c4 Re8 14. g4 Bg6 15. Nh4 Qd7 16. a4 Nb4 17. Bb3 c6 18. Ndf3 Nxg4 19. Nxg6 hxg6 20. hxg4 Qxg4+ 21. Kh2 Qh5+ 22. Kg3 g5 23. Bd2 g4 24. Ng1 Qh4+ 25. Kg2 g6 26. axb5 axb5 27. cxb5 cxb5 28. Bxb4 Bxb4 29. Bd5 Rac8 30. Rec1 Kg7 31. f3 Rxc1 32. Rxc1 Rh8 33. Rc7 g3 34. Rxf7+ Kh6 35. Nh3 g5 36. Qc2 Bc3 37. bxc3 Kg6 38. Be6 Re8 39. Qb3 dxc3 40. Bf5+ Kh6 41. Rh7# 1-0